| 000 | 00515nam a2200157Ia 4500 | ||
|---|---|---|---|
| 008 | 210430s9999 xx 000 0 und d | ||
| 020 | _a9780201531749 | ||
| 082 | _a515 T449 T | ||
| 100 |
_aGeorge B. Thomas, Boss L. Finney, Maurice D. weir _9127703 |
||
| 245 |
_aCalculus and analytic geometry / _cThomas, George B. |
||
| 250 | _a9th edition | ||
| 260 |
_aIslamabad : _bIslamabad, _c1996 |
||
| 300 | _a1139 p. ; | ||
| 856 | _uhttp://www.amazon.com/exec/obidos/ASIN/0201531747/chopaconline-20 | ||
| 942 |
_cBK _2ddc |
||
| 999 |
_c564864 _d564864 |
||